Placilla de Peñuelas: memoria y tradición

Spremljeno u:
Bibliografski detalji
Format: Knjiga
Jezik:španjolski
Izdano: Valparaíso Ministerio de Vivienda y Urbanismo 2010
Valparaíso Consejo Vecinal de Desarrollo Placilla de Peñuelas 2010
Valparaíso Quiero mi Barrio, Programa de Recuperación de Barrios 2010
Valparaíso I. Municipalidad de Valparaíso 2010
Teme:
Oznake: Dodaj oznaku
Bez oznaka, Budi prvi tko označuje ovaj zapis!

MARC

LEADER 00000cam a2200000 a 4500
001 UCG4688
003 CL-VaPUC
008 101118e20100700cl |||||||||||||||||spa|d
082 0 4 |a 307.76  |b PLA  |2 21 
245 1 0 |a Placilla de Peñuelas: memoria y tradición 
300 |a 277 p 
942 |c BK 
945 |d 20101118 00:00:00  |a mfarfan 
260 |a Valparaíso  |b Ministerio de Vivienda y Urbanismo  |c 2010 
260 |a Valparaíso  |b Consejo Vecinal de Desarrollo Placilla de Peñuelas  |c 2010 
260 |a Valparaíso  |b Quiero mi Barrio, Programa de Recuperación de Barrios  |c 2010 
260 |a Valparaíso  |b I. Municipalidad de Valparaíso  |c 2010 
650 0 |a Sociología urbana  |9 268099 
650 0 |a Memoria  |9 266549 
650 7 |a TRADICION  |2 CL-VaPUC  |9 375988 
650 0 |a Comunidad  |9 308730 
583 |a last modification  |c 20171113 01:28:51  |k Rodrigo Vera 
999 |c 343355  |d 343353 
952 |0 0  |1 0  |4 0  |6 307_760000000000000_PLA_2010_2010_2010_2010  |7 0  |8 X  |9 440597  |a FDOMLP  |b FDOMLP  |d 2019-11-22  |i 4736702  |o 307.76 PLA 2010 2010 2010 2010  |p 4736702  |r 2019-11-22  |w 2019-11-22  |y BK_X  |k BUD 
952 |0 0  |1 0  |4 0  |6 307_760000000000000_PLA_2010_2010_2010_2010  |7 0  |8 A  |9 440598  |a BIBHIS  |b BIBHIS  |d 2019-11-22  |i 4736710  |l 2  |m 1  |o 307.76 PLA 2010 2010 2010 2010  |p 4736710  |r 2025-01-20  |s 2024-11-28  |w 2019-11-22  |y BK  |k HIS 
952 |0 0  |1 0  |3 erb  |4 0  |6 307_760000000000000_PLA_2010_2010_2010_2010  |7 0  |8 C  |9 440599  |a BIBCUR  |b BIBCUR  |i 5435757  |o 307.76 PLA 2010 2010 2010 2010  |p 5435757  |r 2025-04-22  |w 2019-11-22  |y BK  |z Catalogado en:20171117  |k CAC 
952 |0 0  |1 0  |3 erb  |4 0  |6 307_760000000000000_PLA_2010_2010_2010_2010  |7 0  |8 C  |9 440600  |a BIBCUR  |b BIBCUR  |i 5435765  |o 307.76 PLA 2010 2010 2010 2010  |p 5435765  |r 2025-04-22  |w 2019-11-22  |y BK  |z Catalogado en:20171117  |k CAC 
952 |0 0  |1 0  |3 erb  |4 0  |6 307_760000000000000_PLA_2010_2010_2010_2010  |7 0  |8 C  |9 440601  |a BIBCUR  |b BIBCUR  |i 5435773  |o 307.76 PLA 2010 2010 2010 2010  |p 5435773  |r 2025-04-22  |w 2019-11-22  |y BK  |z Catalogado en:20171117  |k CAC 
952 |0 0  |1 0  |3 erb  |4 0  |6 307_760000000000000_PLA_2010_2010_2010_2010  |7 0  |8 C  |9 440602  |a BIBCUR  |b BIBCUR  |i 5435781  |o 307.76 PLA 2010 2010 2010 2010  |p 5435781  |r 2025-04-22  |w 2019-11-22  |y BK  |z Catalogado en:20171117  |k CAC